Proceso de análisis y mejoramiento de canales erosionables
সংরক্ষণ করুন:
| প্রধান লেখক: | |
|---|---|
| বিন্যাস: | গ্রন্থ |
| ভাষা: | Spanish |
| প্রকাশিত: |
[San José , Costa Rica]
1986
|
| বিষয়গুলি: | |
| ট্যাগগুলো: |
ট্যাগ যুক্ত করুন
কোনো ট্যাগ নেই, প্রথমজন হিসাবে ট্যাগ করুন!
|
MARC
| LEADER | 00000nam a2200000Ia 4500 | ||
|---|---|---|---|
| 003 | 004051 | ||
| 005 | 20221231144357.0 | ||
| 008 | 140114s1986 cr a m 000 ||spa d | ||
| 040 | |c cru CEDI | ||
| 090 | |a TFG 1819 | ||
| 100 | |a Corrales Xatruch, Marco Vinicio |9 14259 | ||
| 245 | |a Proceso de análisis y mejoramiento de canales erosionables | ||
| 260 | |c 1986 |a [San José , Costa Rica] | ||
| 300 | |a ii, [147] hojas : ilustraciones ; 28 cm | ||
| 500 | |a Tesis (licenciatura en ingenieria civil)--Universidad de Costa Rica. Facultad de Ingeniería. Escuela de Ingenieria Civil | ||
| 650 | |x CANALES - DISEÑO Y CONSTRUCCION |9 14260 | ||
| 942 | |c TFG | ||
| 999 | |c 20964 |d 20964 | ||
